000 00840nam a22002297a 4500
001 7983
003 FISKH
005 20250818084126.0
008 250818b cb ||||| |||| 00| 0 eng d
020 _a9780233981192
040 _aFISKH
_beng
_cFISKH
_dFISKH
082 _a 823.914
100 _aCunliffe, John
245 _aPostman Pat makes a s plash /
_cStory by John Cunliffe ; Picture by Joan Hickson
260 _aLondon :
_bHoppo Books,
_c1987.
300 _a30 unnumbered pages :
_bcolor illustrations ;
_c22 cm
505 _aNP
520 _aPostman Pat and Jess are going to Greendale Farm to meet the new baby, Paul. Suddenly a pig escapes from the farm and Pat is left to change Paul's nappy. But it's not as easy as wrapping a parcel.
700 _aHickson, Joan
_eillustrator
942 _2ddc
_cBK
_n0
999 _c7983
_d7983